000 00499nam a2200181Ia 4500
001 21172
005 20260306172859.0
008 260306t2018||||xx |||||||||||||| ||spa||
041 _aESP
082 _a344J
_bA47
100 _aAlva Monge, Pedro José
_eAUT
245 0 _aEl código penal y procesal penal en la jurisprudencia vinculante:
_ben la jurisprudencia vinculante
260 _c2018
300 _a590 páginas :
_c25 cm.
650 _aGEN
654 _aCDE
942 _cLIB
_dJUS
_fJUS
_2ddc
_n
999 _c21172
_d21172